Online
Catalog

Satanismo, pandillas y naciones / (Record no. 516)

MARC details
000 -CABECERA
campo de control de longitud fija 02513nam a2200289 i 4500
001 - NÚMERO DE CONTROL
campo de control 000000518
003 - IDENTIFICADOR DEL NÚMERO DE CONTROL
campo de control DO-SdBNP
005 - FECHA Y HORA DE LA ÚLTIMA TRANSACCIÓN
campo de control 20260527145007.0
007 - CAMPO FIJO DE DESCRIPCIÓN FÍSICA--INFORMACIÓN GENERAL
campo de control de longitud fija ta
008 - DATOS DE LONGITUD FIJA--INFORMACIÓN GENERAL
campo de control de longitud fija 081212s2006 dr ac r 001 0 spa d
040 ## - FUENTE DE LA CATALOGACIÓN
Centro catalogador/agencia de origen DO-SdBNP
Lengua de catalogación spa
Centro/agencia transcriptor BNPHU
Normas de descripción rda
041 ## - CÓDIGO DE LENGUA
Código de lengua del texto/banda sonora o título independiente spa
082 #4 - NÚMERO DE LA CLASIFICACIÓN DECIMAL DEWEY
Número de clasificación 364.36
Número de documento/Ítem L192s
Número de edición 22
100 1# - ENTRADA PRINCIPAL--NOMBRE DE PERSONA
Nombre de persona Lake, Cristóbal
9 (RLIN) 1709
Código de función/relación aut.
Término indicativo de función/relación autor
245 10 - MENCIÓN DE TÍTULO
Título Satanismo, pandillas y naciones /
Mención de responsabilidad, etc. Cristóbal Lake.
264 ## - PRODUCCIÓN, PUBLICACIÓN, DISTRIBUCIÓN, FABRICACIÓN Y COPYRIGHT
Producción, publicación, distribución, fabricación y copyright Santo Domingo :
Nombre del de productor, editor, distribuidor, fabricante Security Plus,
Fecha de producción, publicación, distribución, fabricación o copyright 2006.
300 ## - DESCRIPCIÓN FÍSICA
Extensión 255 páginas :
Otras características físicas ilustraciones, retratos ;
Dimensiones 21 cm.
336 ## - TIPO DE CONTENIDO
Término de tipo de contenido texto
Código de tipo de contenido txt
Fuente rdacontent
337 ## - TIPO DE MEDIO
Nombre/término del tipo de medio sin mediación
Código del tipo de medio n
Fuente rdamedia
338 ## - TIPO DE SOPORTE
Nombre/término del tipo de soporte volumen
Código del tipo de soporte nc
Fuente rdacarrier
505 0# - NOTA DE CONTENIDO CON FORMATO
Título Prefacio --
-- Introducción --
-- Antecedente histórico internacional de las pandillas --
-- Antecedentes histórico nacional en República Dominicana --
-- Influencia de los medios de comunicación ---
-- Entorno familiar --
-- Autoestima del individuo --
-- Perfil psicológico --
-- ¿Que es una nación? --
-- Estructuración de una nación --
-- Reglas que utilizan el capítulo amor y paz --
-- Iniciación en una nación o capítulo --
-- ¿Por qué la juventud se asocia a una nación? --
-- Naciones y capítulos, cuantos hay en R.D. --
-- Código de honor --
-- Los trinitarios --
-- Los Latin King --
-- Los Ñeta --
-- Bloods: los sangres --
-- Los Mara-MS-13 (M-18) --
-- Uso de los collares --
-- Los Cripz --
-- Vestimenta, modismo y simbología --
-- Gestos, ademanes, señas --
-- Alfabeto y graffity --
-- Tatuaje --
-- Naciones y el satanismo --
-- Grupos satánicos, sectas satánicas y sus simbologías --
-- Clasificación de los satanistas --
-- tLa misa negra --
-- Primera iglesia satánica --
-- Caída de Lucifer --
-- Diferentes nombres atribuidos a Satanás --
-- Diccionario de jergas de las calles --
-- Diccionario de palabras --
-- Historia de la religión rastafari --
-- Historia de la quija. La quija juego o realidad --
-- Los mensajes ocultos de la producciones de Disney --
-- Historia de los Dragon ball --
-- Diccionario satánico, entidades, figuras y símbolos --
-- Rock, demonio y mensajes publiminares --
-- La moda --
-- Qué es en realidad halloween --
-- Conclusión --
-- Recomendaciones con respecto al problema de la delincuencia juvenil --
-- Cada hombre debe experimentar un cambio --
-- Diez reglas fáciles para formar un delincuente --
-- Se busca un amigo --
-- Estadística de pandilla --
-- Bibliografía.
590 ## - NOTA LOCAL (RLIN)
Nota local Inventariado, 2026 /MFF
650 #7 - PUNTO DE ACCESO ADICIONAL DE MATERIA--TÉRMINO DE MATERIA
Término de materia o nombre geográfico como elemento de entrada Pandillas
9 (RLIN) 1710
650 #7 - PUNTO DE ACCESO ADICIONAL DE MATERIA--TÉRMINO DE MATERIA
Término de materia o nombre geográfico como elemento de entrada Delincuencia juvenil
9 (RLIN) 1711
650 #7 - PUNTO DE ACCESO ADICIONAL DE MATERIA--TÉRMINO DE MATERIA
Término de materia o nombre geográfico como elemento de entrada Satanismo
9 (RLIN) 1712
942 ## - ELEMENTOS DE PUNTO DE ACCESO ADICIONAL (KOHA)
Fuente del sistema de clasificación o colocación Dewey Decimal Classification
Tipo de ítem Koha Libro
Holdings
Estado de retiro Estado de pérdida Fuente del sistema de clasificación o colocación Restricciones de uso No para préstamo Código de colección Localización permanente Ubicación/localización actual Ubicación en estantería Fecha de adquisición Total de préstamos Signatura topográfica completa Código de barras Fecha visto por última vez Número de copia Precio válido a partir de Tipo de ítem Koha
    Dewey Decimal Classification Préstamo en sala   Dominicana de Servicio Biblioteca Nacional Pedro Henríquez Ureña Biblioteca Nacional Pedro Henríquez Ureña Depósito 18.08.2009   BNPHU DS 364.36 L192s 518-30 25.06.2020 e. 3 25.06.2020 Libro
    Dewey Decimal Classification Excluido de préstamo   Patrimonio Dominicano Biblioteca Nacional Pedro Henríquez Ureña Biblioteca Nacional Pedro Henríquez Ureña Depósito 18.08.2009   BNPHU PD 364.36 L192s 518-10 25.06.2020   25.06.2020 Libro
    Dewey Decimal Classification Excluido de préstamo   Patrimonio Dominicano Biblioteca Nacional Pedro Henríquez Ureña Biblioteca Nacional Pedro Henríquez Ureña Depósito 18.08.2009   BNPHU PD 364.36 L192s 518-20 25.06.2020 e. 2 25.06.2020 Libro

Powered by Koha